EU commission presidents quiz - Statistics

General Stats
  • This quiz has been taken 12 times
  • The average score is 3 of 13
Answer Stats
Term in office Answer % Correct
2019-now Ursula von der Leyen
100%
2014-2019 Jean Claude-Juncker
58%
1999-2004 Romano Prodi
33%
1985-1995 Jacques Delors
25%
2004-2014 José Manuel Barroso
25%
1995-1999 Jacques Santer
17%
1977-1981 Roy Jenkins
17%
1973-1977 François-Xavier Ortoli
8%
1970-1972 Franco Maria Malfatti
0%
1981-1985 Gaston Thorn
0%
1967-1970 Jean Rey
0%
1972-1973 Sicco Mansholt
0%
1958-1967 Walter Hallstein
0%
No matching quizzes found
Score Distribution
Percent of People with Each Score
Percentile by Number Answered
Your Score History
You have not taken this quiz